| 000 | 00566cam a22002054a 4500 | ||
|---|---|---|---|
| 001 | sa 65001381 | ||
| 003 | DLC | ||
| 005 | 20260227112109.0 | ||
| 008 | 830809s1958 ii 000 0 hino | ||
| 010 | _asa 65001381 | ||
| 040 |
_aDLC _cDLC |
||
| 050 | 0 | 0 |
_aPK2031 _b.V5 1958 |
| 100 | 0 |
_aVirāja, _cEma. E. |
|
| 245 | 1 | 0 |
_aHindī sāhitya kā sarala itihāsa / _cVirāja. |
| 250 | _a1. saṃskaraṇa. | ||
| 260 |
_aDillī : _bNeśanala Pabliśiṅga Hāusa, _c1958. |
||
| 300 |
_a96 p. ; _c18 cm. |
||
| 546 | _aIn Hindi. | ||
| 650 | 0 |
_aHindi literature _vTextbooks. |
|
| 999 |
_c62034 _d62034 |
||